000 00952nam a2200217 a 4500
001 64754
003 BD-RjUL
005 20211209081340.0
008 170220r19551891ii ||||| |||| 00| 0 d
035 _a(BD-RjUL)64884
040 _aBD-RjUL
_bben
_cBD-RjUL
041 _aben
082 _223
_a370.924
_bBIB 1955
100 1 _aবিদ্যারত্ন, শম্ভুচন্দ্র
_9191647
245 1 0 _aবিদ্যাসাগর- জীবনচরিত ও ভ্রমনিরাশ /
_cশম্ভুচন্দ্র বিদ্যারত্ন
260 _aকলকাতা :
_bবুকল্যান্ড,
_c১৮৯১, ১৯৫৫
300 _a৩২৯ পৃ. ;
_c২০ সেমি.
600 _aবিদ্যাসাগর ,ঈশ্বরচন্দ্র
_qজীবনী
_c১৮২০-১৮৯১
_9192266
600 _aVidyasagar, Ishwar Chandra
_xBiography
_c1820-1891
_9247105
942 _2ddc
_cBK
999 _c64754
_d64754